Célébrités par jour de naissance, janvier - Statistiques

Statistiques générales
  • Ce quiz a été pris 29 fois
  • Le résultat moyen est 12 sur 31
Statistiques - réponses
Date Indice Réponse % Correct
6/01 La pucelle d'Orléans Jeanne d'Arc
91%
4/01 Inventeur d'un système d'écriture pour les aveugles Louis Braille
91%
7/01 Pilote britannique septuple champion du monde de Formule 1 Lewis Hamilton
83%
1/01 Footballeur champion du monde en 1998, père de deux enfants jouant en équipe nationale Lilian Thuram
83%
20/01 Acteur français révélé au grand public grâce à son rôle dans Intouchables Omar Sy
83%
15/01 Pasteur américain connu pour son militantisme contre la ségrégation raciale Martin Luther King
74%
27/01 Créateur de contenu français, deuxième YouTuber le plus suivi en France Squeezie
70%
14/01 Rappeur français, dont le vrai nom est Julien Mari Jul
65%
2/01 Présentateur de l'émission Secret Story Christophe Beaugrand
61%
22/01 Ancien footballeur français devenu très connu pour une campagne publicitaire de vente de voitures en ligne Frank Leboeuf
61%
8/01 Chanteur français, interprète de Lucy Pascal Obispo
52%
10/01 Animatrice, présentatrice de l’émission C’est mon choix Évelyne Thomas
48%
12/01 Auteur des contes Cendrillon, le Petit chaperon rouge Charles Perrault
39%
9/01 Philosophe et écrivaine française, autrice de Le Deuxième Sexe Simone de Beauvoir
39%
5/01 Acteur incarnant Phil Wenneck dans Vey bad Trip Bradley Cooper
35%
25/01 Duchesse de Bretagne et reine de France Anne de Bretagne
30%
17/01 Chanteuse et actrice franco-italienne dont le nom de naissance est Iolanda Cristina Gigliotti Dalida
30%
23/01 Rappeur américain assassiné à l'âge de 20 ans en 2018 XXXTentacion
30%
30/01 Ancien président des États-Unis, à l’origine des grandes réformes du New Deal Franklin Roosevelt
22%
18/01 Homme des lumières ayant théorisé la séparation des pouvoirs Montesquieu
22%
29/01 Chanteur français des années 1960, interprète de la chanson Scoubidou Sacha Distel
22%
13/01 Célèbre chef cuisinier français triplement étoilé s'étant suicidé à l'âge de 52 ans Bernard Loiseau
17%
21/01 Tueur en série connu sous le surnom de "boucher de l'Yonne" Émile Louis
17%
16/01 Chanteuse de Kpop membre du groupe blackpink Jennie
17%
19/01 Commandent des armées confédérées durant la guerre de sécession Robert Lee
17%
11/01 Homme politique français, souvent appelé PMF, a été président du Conseil dans les années 1950 Pierre Mendès France
13%
24/01 Roi de Prusse du XVIIIe siècle, grand réformateur et stratège militaire surnommé “le Grand” Frédéric II
9%
26/01 Célèbre dictateur de la Roumanie Nicolae Ceaușescu
9%
28/01 Ministre français du Travail à la Libération, artisan majeur de la Sécurité sociale en 1945 Ambroise Croizat
4%
3/01 Homme d'état romain mais aussi philosophe et écrivaine Cicéron
4%
31/01 Ecrivain français oncle d'un célèbre président de la Vème République Charles de Gaulle
0%
Aucun quiz correspondant
Distribution des résultats
% des personnes avec chaque résultat
Percentile par nombre de réponses
Votre historique - résultats
Vous n’avez pas pris ce quiz